Normal view MARC view

Entry Personal Name

Number of records used in: 1

001 - CONTROL NUMBER

  • control field: 780496

003 - CONTROL NUMBER IDENTIFIER

  • control field: OSt

005 - DATE AND TIME OF LATEST TRANSACTION

  • control field: 20250508165323.0

008 - FIXED-LENGTH DATA ELEMENTS

  • fixed length control field: 250508|| aca||aabn | a|a d

040 ## - CATALOGING SOURCE

  • Original cataloging agency: OSt
  • Transcribing agency: OSt

100 ## - HEADING--PERSONAL NAME

  • Personal name: Tyagi Garima

670 ## - SOURCE DATA FOUND

  • Source citation: Work cat.: (OSt)1394439: Tyagi Garima, Revisiting the experiences of the people with visual impairment during their school science lessons, 2013
Copyright @ Delhi University Library System